खुशबू / (Record no. 112878)
[ view plain ]
| 000 -LEADER | |
|---|---|
| fixed length control field | 01163nam a22002897a 4500 |
| 003 - CONTROL NUMBER IDENTIFIER | |
| control field | dpl |
| 005 - DATE AND TIME OF LATEST TRANSACTION | |
| control field | 20190123104928.0 |
| 008 - FIXED-LENGTH DATA ELEMENTS--GENERAL INFORMATION | |
| fixed length control field | 190123b ||||| |||| 00| 0 eng d |
| 010 ## - LIBRARY OF CONGRESS CONTROL NUMBER | |
| LC control number | B-075247 |
| 020 ## - INTERNATIONAL STANDARD BOOK NUMBER | |
| Terms of availability | 95.00 |
| 035 ## - SYSTEM CONTROL NUMBER | |
| System control number | B-075247, B-075249 |
| 037 ## - SOURCE OF ACQUISITION | |
| Source of stock number/acquisition | Cen Lib/Ret |
| 040 ## - CATALOGING SOURCE | |
| Original cataloging agency | DPL |
| Language of cataloging | HN |
| Transcribing agency | 0 |
| 082 ## - DEWEY DECIMAL CLASSIFICATION NUMBER | |
| Classification number | 821 |
| Item number | शाकिर |
| 100 ## - MAIN ENTRY--PERSONAL NAME | |
| Personal name | शाकिर, परवीन |
| 9 (RLIN) | 49561 |
| 245 ## - TITLE STATEMENT | |
| Title | खुशबू / |
| Statement of responsibility, etc | परवीन शाकिर; अनुवादक असगर वजाहत |
| 246 ## - VARYING FORM OF TITLE | |
| Title proper/short title | Khushboo / |
| Remainder of title | by Parveen Shakir; anuvadak Asgar Wajahat |
| 260 ## - PUBLICATION, DISTRIBUTION, ETC. (IMPRINT) | |
| Place of publication, distribution, etc | नई दिल्ली |
| Name of publisher, distributor, etc | वाणी प्रकाशन |
| Date of publication, distribution, etc | 2002 |
| 270 ## - ADDRESS | |
| City | नई दिल्ली |
| Address | 21-ए, दरियागंज |
| Postal code | 110002 |
| 300 ## - PHYSICAL DESCRIPTION | |
| Extent | 128पृ. |
| Dimensions | 21सेमी(सजिल्द) |
| 650 ## - SUBJECT ADDED ENTRY--TOPICAL TERM | |
| Topical term or geographic name as entry element | हिंदी साहित्य |
| 9 (RLIN) | 49562 |
| 650 ## - SUBJECT ADDED ENTRY--TOPICAL TERM | |
| Topical term or geographic name as entry element | हिंदी साहित्य -- कविता |
| 9 (RLIN) | 3490 |
| 650 ## - SUBJECT ADDED ENTRY--TOPICAL TERM | |
| Topical term or geographic name as entry element | Hindi literature |
| 9 (RLIN) | 49563 |
| 650 ## - SUBJECT ADDED ENTRY--TOPICAL TERM | |
| Topical term or geographic name as entry element | Hindi literature -- Poetry |
| 9 (RLIN) | 49564 |
| 700 ## - ADDED ENTRY--PERSONAL NAME | |
| Personal name | वजाहत, असगर |
| 9 (RLIN) | 2125 |
| 942 ## - ADDED ENTRY ELEMENTS (KOHA) | |
| Source of classification or shelving scheme | Dewey Decimal Classification |
| Koha item type | Hindi Books |
| Classification part | 821 |
| Call number suffix | शाकिर |
| Withdrawn status | Lost status | Damaged status | Not for loan | Home library | Current library | Date acquired | Source of acquisition | Cost, normal purchase price | Total Checkouts | Total Renewals | Full call number | Barcode | Date last seen | Date checked out | Copy number | Cost, replacement price | Price effective from | Koha item type | Source of classification or shelving scheme | Collection code |
|---|---|---|---|---|---|---|---|---|---|---|---|---|---|---|---|---|---|---|---|---|
| Central Library | Central Library | 10/08/2015 | Cen Lib/Ret | 95.00 | 2 | 2 | 821 शाकिर | B-075247 | 31/05/2019 | 03/05/2019 | 1 | 95.00 | 10/08/2015 | Hindi Books | ||||||
| Shahdara Branch | Shahdara Branch | 23/01/2019 | BPPD/PUB | 95.00 | 2 | 821 शाकिर | B-075249 | 04/11/2019 | 07/10/2019 | 95.00 | 23/01/2019 | Hindi Books | Dewey Decimal Classification | Non-fiction |
